000
00265nam a22001217a 4500
040
_c
SY
082
_a
338
100
_a
SUN HEAN; ស៊ុន ហ៊ាន
245
_a
Wildlife, សត្វព្រៃ
260
_a
RUA
_b
SUN
_c
NA
300
_a
64p.
942
_c
KB
999
_c
9370
_d
9370